| 000 | 00817nam a2200241Ia 4500 | ||
|---|---|---|---|
| 003 | OSt | ||
| 005 | 20221005113331.0 | ||
| 006 | a|||||r|||| 00| 0 | ||
| 007 | ta | ||
| 008 | 221004b |||||||| |||| 00| 0 pan d | ||
| 020 |
_a8173805539 _c185 |
||
| 024 | _a117486 | ||
| 037 |
_b619, 07/03/2012, H.K. Prakashan _cTextual |
||
| 040 |
_aCRL _cCRL _bpan |
||
| 041 |
_2pan _apan |
||
| 082 | _aY73(P153):351, 153N9.3 | ||
| 100 |
_aਐਨ ਕੌਰ _9158888 |
||
| 245 | 0 | _aਬੋਲ ਪੰਜਾਬਣ ਦੇ | |
| 260 |
_aਪਟਿਆਲਾ _bਪਬਲੀਕੇਨ ਬਿਊਰੋ ਭਾਰਤ _c1999 |
||
| 650 | _aਸਰੁਾਂਜ਼ FੳFਞਟਾਂਨ | ||
| 942 |
_hY73(P153):351, 153N9.3 _cTEXL _2cc |
||
| 999 |
_c1027833 _d1027833 |
||